| 000 | 00459nam a2200181Ia 4500 | ||
|---|---|---|---|
| 003 | 0100 | ||
| 008 | 130303s9999 xx 000 0 und d | ||
| 040 | _cARRUPELIB | ||
| 050 | _aHQ31.H88 1990 | ||
| 245 | _aHuman Sexuality | ||
| 245 | _bA Catholic Perspective for Education and Lifelong Learning | ||
| 260 | _aWashington, D.C. | ||
| 260 | _bUnited States Catholic Conference Inc | ||
| 260 | _C1991 | ||
| 300 | _a121p | ||
| 650 | _bDualism | ||
| 942 | 0 | 0 | _01 |
| 999 |
_c20134 _d20134 |
||